| 000 | 00914nam a2200277Ia 4500 | ||
|---|---|---|---|
| 005 | 20220316235735.0 | ||
| 008 | 121119s2002 sp gr 000 m spa | ||
| 020 | _a8480635061 | ||
| 041 | 0 | _aspa | |
| 100 | 1 |
_aGarcía Lorca, Federico _d1898-1936 |
|
| 245 | 1 | 0 |
_aCanciones, poemas y romances para niños _cFederico García Lorca ; prólogo de Manuel Ruiz Amezcua |
| 250 | _aPrimera edición | ||
| 300 |
_a100 paginas _b19 cm |
||
| 490 | 0 |
_aBiblioteca básica _v1 |
|
| 650 | 1 | 4 |
_aPoesía infantil española _2LEMB |
| 650 | 1 | 4 |
_aCanciones infantiles españolas _2LEMB |
| 650 | 1 | 4 |
_aRondas infantiles españolas _2LEMB |
| 700 | 1 |
_aRuiz Amezcua, Manuel _933947 |
|
| 942 |
_2loc _cBKLIT |
||
| 264 |
_aBarcelona _bOctaedro _c2002 |
||
| 336 |
_atexto _btxt _2rdacontent |
||
| 337 |
_asin mediación _bn _2rdamedia |
||
| 338 |
_avolumen _bnc _2rdacarrier |
||
| 040 |
_aCO-BoRNBP _bspa _erda _cCO-BoRNBP |
||
| 084 | _aP GAR1 | ||
| 999 |
_c2007 _d2007 |
||